[Event "HUN-chT2 Breyer 1314"]
[Site "Hungary"]
[Date "2014.03.23"]
[Round "7"]
[White "Szecsi, Pal"]
[Black "Fekete, Andras"]
[Result "0-1"]
[WhiteElo "1916"]
[BlackElo "1920"]
[PlyCount "108"]
[EventDate "2013.09.08"]
[EventType "team-tourn"]
[EventRounds "9"]
[EventCountry "HUN"]
[SourceTitle "EXT 2016"]
[Source "ChessBase"]
[SourceDate "2015.10.08"]
[SourceVersion "1"]
[SourceVersionDate "2015.10.08"]
[SourceQuality "1"]
[WhiteTeam "Szazhalombatta"]
[BlackTeam "Biatorbagy"]
[WhiteTeamCountry "HUN"]
[BlackTeamCountry "HUN"]

1. e4 e5 2. Bc4 Nf6 3. d3 Be7 4. Ne2 0-0 5. 0-0 c6 6. h3 d5 7. exd5 cxd5 8. Bb3 Nc6 9. c3 Bf5 10. Ng3 Bg6 11. f4 exf4 12. Bxf4 Bd6 13. d4 Bxf4 14. Rxf4 Qe7 15. Rf3 h5 16. Nf5 Qe6 17. Bc2 Ne4 18. g4 Ne7 19. Nxe7+ Qxe7 20. Bxe4 Bxe4 21. Rg3 Qd6 22. Qe1 Rae8 23. Qf2 hxg4 24. Nd2 gxh3 25. Qh2 Re6 26. Nxe4 dxe4 27. Qxh3 Rh6 28. Qg2 g6 29. Rh3 Rxh3 30. Qxh3 Kg7 31. Kg2 f5 32. Rh1 Kf6 33. Qh4+ Ke6 34. Qh7 Kf6 35. Rh6 Kg5 36. Rh3 f4 37. Qxb7 Qe6 38. Qb5+ Rf5 39. Qb7 f3+ 40. Kh2 f2 41. Qh7 Rf4 42. Rg3+ Rg4 43. Qh3 Qf5 44. Rxg4+ Qxg4 45. Qxg4+ Kxg4 46. Kg2 e3 47. d5 Kf5 48. c4 Ke5 49. b4 Kd4 50. d6 Kd3 51. d7 Ke2 52. d8Q f1Q+ 53. Kh2 Qf4+ 54. Kh3 Kf2 0-1

[Event "Biatorbagy Gal Memorial 1st"]
[Site "Biatorbagy"]
[Date "2012.11.30"]
[Round "1"]
[White "Fekete, Andras"]
[Black "Kerekes, Lajos1111"]
[Result "1-0"]
[WhiteElo "1951"]
[BlackElo "1638"]
[PlyCount "91"]
[EventDate "2012.11.30"]
[EventType "swiss"]
[EventRounds "7"]
[EventCountry "HUN"]
[SourceTitle "EXT 2014"]
[Source "ChessBase"]
[SourceDate "2013.11.20"]
[SourceVersion "1"]
[SourceVersionDate "2013.11.20"]
[SourceQuality "1"]

1. e4 c5 2. Nf3 Nc6 3. c3 Nf6 4. e5 Nd5 5. Bc4 e6 6. 0-0 d6 7. d4 cxd4 8. cxd4 Be7 9. Bxd5 exd5 10. Nc3 Be6 11. h3 0-0 12. a3 Re8 13. Bf4 dxe5 14. Nxe5 Bd6 15. Rc1 Rc8 16. Nb5 Bb8 17. Nc3 Nxe5 18. Bxe5 Bxe5 19. dxe5 Qa5 20. Qa4 Qxa4 21. Nxa4 Rxc1 22. Rxc1 Rc8 23. Rxc8+ Bxc8 24. Nc3 Be6 25. f4 d4 26. Nb5 d3 27. Kf2 a6 28. Nd6 b5 29. Ke3 Bc4 30. Ne4 Kf8 31. Nf2 Ke7 32. Nxd3 Bxd3 33. Kxd3 Kd7 34. Ke4 Kc6 35. b4 g6 36. g4 Kd7 37. Kd5 Ke7 38. f5 h5 39. fxg6 fxg6 40. gxh5 gxh5 41. h4 Kd7 42. e6+ Ke7 43. Ke5 Ke8 44. Kd6 Kd8 45. e7+ Ke8 46. Ke6 1-0

[Event "HUN-chT2 Breyer 1112"]
[Site "Hungary"]
[Date "2012.03.11"]
[Round "7.6"]
[White "Toth, Gyula"]
[Black "Fekete, Andras"]
[Result "1/2-1/2"]
[WhiteElo "2095"]
[BlackElo "1960"]
[PlyCount "64"]
[EventDate "2011.09.25"]
[EventType "team-tourn"]
[EventRounds "11"]
[EventCountry "HUN"]
[SourceTitle "EXT 2013"]
[Source "ChessBase"]
[SourceDate "2012.11.22"]
[SourceVersion "1"]
[SourceVersionDate "2012.11.22"]
[SourceQuality "1"]
[WhiteTeam "Zoltek"]
[BlackTeam "Biatorbagy"]
[WhiteTeamCountry "HUN"]
[BlackTeamCountry "HUN"]

1. e4 c5 2. Nf3 Nc6 3. d4 cxd4 4. Nxd4 e5 5. Nb5 a6 6. Nd6+ Bxd6 7. Qxd6 Qe7 8. Qd1 Nf6 9. Nc3 h6 10. Be2 0-0 11. 0-0 Nd4 12. Be3 Nxe2+ 13. Qxe2 Qb4 14. Qd3 Qe7 15. Rad1 Qe6 16. f4 exf4 17. Bxf4 Re8 18. Rfe1 b5 19. e5 Ng4 20. Qd4 f6 21. Bg3 fxe5 22. Qd5 Qxd5 23. Nxd5 Ra7 24. h3 Nf6 25. Rxe5 Rxe5 26. Bxe5 Nxd5 27. Rxd5 Kf7 28. Rc5 Ra8 29. Rc7 g6 30. Kf2 Ke6 31. Bg3 h5 32. Bf4 a5 1/2-1/2

[Event "HUN-chT2 Breyer 1011"]
[Site "Hungary"]
[Date "2011.04.10"]
[Round "8.7"]
[White "Horkai, Andras"]
[Black "Fekete, Andras"]
[Result "0-1"]
[WhiteElo "2023"]
[BlackElo "1988"]
[PlyCount "76"]
[EventDate "2010.09.12"]
[EventType "team-tourn"]
[EventRounds "11"]
[EventCountry "HUN"]
[SourceTitle "EXT 2012"]
[Source "ChessBase"]
[SourceDate "2011.11.24"]
[SourceVersion "1"]
[SourceVersionDate "2011.11.24"]
[SourceQuality "1"]
[WhiteTeam "Vizugy"]
[BlackTeam "Biatorbagy"]
[WhiteTeamCountry "HUN"]
[BlackTeamCountry "HUN"]

1. d4 Nf6 2. c4 e6 3. Nf3 Be7 4. Nc3 d5 5. Bf4 a6 6. e3 0-0 7. h3 Nc6 8. Rc1 dxc4 9. Bxc4 Nd5 10. Bh2 Nxc3 11. bxc3 Bd6 12. 0-0 Qf6 13. Bd3 Bxh2+ 14. Kxh2 e5 15. d5 Ne7 16. c4 Qd6 17. e4 Ng6 18. g3 b6 19. Qd2 h6 20. Qe3 c5 21. dxc6 Qxc6 22. Rb1 Rb8 23. c5 b5 24. a4 Be6 25. axb5 axb5 26. Rb4 Rfc8 27. Rc1 f6 28. Nd2 Nf8 29. Qe2 Bd7 30. f4 Ne6 31. fxe5 fxe5 32. Nf3 Nxc5 33. Nxe5 Qd6 34. Nxd7 Nxd3 35. Rxc8+ Rxc8 36. Rxb5 Nc1 37. Qg4 Qd2+ 38. Kg1 Qe1+ 0-1

[Event "HUN-chT2 Breyer 1011"]
[Site "Hungary"]
[Date "2010.09.12"]
[Round "1.11"]
[White "Fekete, Andras"]
[Black "Horvath, Attila Bela"]
[Result "1-0"]
[WhiteElo "1988"]
[BlackElo "1767"]
[PlyCount "55"]
[EventDate "2010.09.12"]
[EventType "team-tourn"]
[EventRounds "11"]
[EventCountry "HUN"]
[SourceTitle "EXT 2012"]
[Source "ChessBase"]
[SourceDate "2011.11.24"]
[SourceVersion "1"]
[SourceVersionDate "2011.11.24"]
[SourceQuality "1"]
[WhiteTeam "Biatorbagy"]
[BlackTeam "MAFC"]
[WhiteTeamCountry "HUN"]
[BlackTeamCountry "HUN"]

1. e4 c6 2. d4 d5 3. Nc3 dxe4 4. Nxe4 Nd7 5. Nf3 Ngf6 6. Ng3 Nb6 7. Be2 Bg4 8. 0-0 e6 9. h3 Bxf3 10. Bxf3 Bd6 11. Ne4 Nxe4 12. Bxe4 Nd5 13. c4 Nf6 14. Bc2 0-0 15. Qf3 Rc8 16. Rd1 Re8 17. Bg5 Be7 18. Qd3 g6 19. Qf3 Nd7 20. Be3 b6 21. Ba4 Qc7 22. Rac1 Red8 23. Bf4 Bd6 24. Bg5 f6 25. Be3 Be7 26. a3 e5 27. d5 c5 28. d6 1-0